|
|
|
|
| LEADER |
00000caa a22000002c 4500 |
| 001 |
259925225 |
| 003 |
DE-627 |
| 005 |
20220512115639.0 |
| 007 |
tu |
| 008 |
160223s1991 gw ||||| 00| ||ger c |
| 035 |
|
|
|a (DE-627)259925225
|
| 035 |
|
|
|a (DE-576)456023801
|
| 035 |
|
|
|a (DE-599)GBV259925225
|
| 040 |
|
|
|a DE-627
|b ger
|c DE-627
|e rakwb
|
| 041 |
|
|
|a ger
|
| 044 |
|
|
|c XA-DE
|
| 100 |
1 |
|
|a Deininger, Dieter
|d 1930-
|0 (DE-588)1141612097
|0 (DE-627)1000514625
|0 (DE-576)494439092
|4 aut
|
| 109 |
|
|
|a Deininger, Dieter 1930-
|
| 245 |
1 |
0 |
|a Sozialhilfe 1990 in den neuen Bundesländern
|c Dieter Deininger
|
| 264 |
|
1 |
|c 1991
|
| 300 |
|
|
|b Graph. Darst
|
| 336 |
|
|
|a Text
|b txt
|2 rdacontent
|
| 337 |
|
|
|a ohne Hilfsmittel zu benutzen
|b n
|2 rdamedia
|
| 338 |
|
|
|a Band
|b nc
|2 rdacarrier
|
| 650 |
|
7 |
|8 1.1\x
|a Öffentliche Sozialleistungen
|0 (DE-627)091390230
|0 (DE-2867)11569-3
|2 stw
|
| 650 |
|
7 |
|8 1.2\x
|a Ostdeutschland
|0 (DE-627)09137989X
|0 (DE-2867)18131-2
|2 stw
|
| 655 |
|
4 |
|0 (DE-206)49
|a Aufsatz in Zeitschrift
|5 DE-206
|
| 773 |
0 |
8 |
|i In
|t Wirtschaft und Statistik
|d Wiesbaden : Statistisches Bundesamt, 1921
|g 1991,9, S. 633-638
|w (DE-627)129510750
|w (DE-600)210134-8
|w (DE-576)014917947
|x 0043-6143
|7 nnas
|
| 773 |
1 |
8 |
|g year:1991
|g pages:633-638
|
| 935 |
|
|
|a mkri
|
| 951 |
|
|
|a AR
|
| ELC |
|
|
|b 1
|
| LOK |
|
|
|0 000 xxxxxcx a22 zn 4500
|
| LOK |
|
|
|0 001 3301186912
|
| LOK |
|
|
|0 003 DE-627
|
| LOK |
|
|
|0 004 259925225
|
| LOK |
|
|
|0 005 20160223100930
|
| LOK |
|
|
|0 008 160208||||||||||||||||ger|||||||
|
| LOK |
|
|
|0 040
|a DE-21-110
|c DE-627
|d DE-21-110
|
| LOK |
|
|
|0 689
|a s
|a Sozialhilfe
|
| LOK |
|
|
|0 689
|a s
|a Neue Bundesländer
|
| LOK |
|
|
|0 852
|z Kein Bestand am IfK; Nachweis für KrimDok
|
| LOK |
|
|
|0 852
|a DE-21-110
|
| LOK |
|
|
|0 852 1
|m v
|9 00
|
| LOK |
|
|
|0 935
|a k110
|
| LOK |
|
|
|0 938
|k v
|
| LOK |
|
|
|0 939
|a 08-02-16
|b l01
|
| ORI |
|
|
|a SA-MARC-krimdoka001.raw
|